<?xml version="1.0" encoding="UTF-8"?>
<collection xmlns="http://www.loc.gov/MARC21/slim">
 <record>
  <leader>01619nam a2200217Ia 4500</leader>
  <controlfield tag="001">CTU_157626</controlfield>
  <controlfield tag="008">210402s9999    xx            000 0 und d</controlfield>
  <datafield tag="020" ind1=" " ind2=" ">
   <subfield code="c">34.95</subfield>
  </datafield>
  <datafield tag="082" ind1=" " ind2=" ">
   <subfield code="a">001.9</subfield>
  </datafield>
  <datafield tag="082" ind1=" " ind2=" ">
   <subfield code="b">M153</subfield>
  </datafield>
  <datafield tag="100" ind1=" " ind2=" ">
   <subfield code="a">Mackay, Charles</subfield>
  </datafield>
  <datafield tag="245" ind1=" " ind2="0">
   <subfield code="a">Extraordinary popular delusions and the madness of crowds and Confusión de confusiones</subfield>
  </datafield>
  <datafield tag="245" ind1=" " ind2="0">
   <subfield code="c">Author: Charles Mackay, Josef Penso de la Vega ; Martin S. Fridson, editor</subfield>
  </datafield>
  <datafield tag="260" ind1=" " ind2=" ">
   <subfield code="a">New York</subfield>
  </datafield>
  <datafield tag="260" ind1=" " ind2=" ">
   <subfield code="b">Wiley</subfield>
  </datafield>
  <datafield tag="260" ind1=" " ind2=" ">
   <subfield code="c">1996</subfield>
  </datafield>
  <datafield tag="520" ind1=" " ind2=" ">
   <subfield code="a">Extraordinary Popular Delusions and Confusión de Confusiones take us from Tulipmania in 1634-when tulips actually traded at a higher price than gold-to the South Sea &quot;bubble&quot; of 1720, and beyond. Securities analyst and author Martin Fridson guides you on a quirky, entertaining, and intriguing journey back through time. Chosen by the Financial Times as Two of the Ten Best Books Ever Written on Investment Critical Praise . . . &quot;This is the most important book ever written about crowd psychology and, by extension, about financial markets. A serious student of the markets and even anyone interested in the extremes of human behavior should read this book!&quot; -Ron Insana, CNBC &quot;In combining 'Extraordinary' with 'Confusion,' the result is not extraordinary confusion. Instead, with clarity, the book sears into modern investor minds the dangers of following the crowd.</subfield>
  </datafield>
  <datafield tag="650" ind1=" " ind2=" ">
   <subfield code="a">Common fallacies,Swindlers and swindling,Social psychology,Investments,Stock exchanges</subfield>
  </datafield>
  <datafield tag="650" ind1=" " ind2=" ">
   <subfield code="x">Psychological aspects,Psychological aspects</subfield>
  </datafield>
  <datafield tag="904" ind1=" " ind2=" ">
   <subfield code="i">Giang</subfield>
  </datafield>
  <datafield tag="980" ind1=" " ind2=" ">
   <subfield code="a">Trung tâm Học liệu Trường Đại học Cần Thơ</subfield>
  </datafield>
 </record>
</collection>
